00986cam a22002413a 45000010005000000030006000050050017000110080041000280400015000690420007000840500007000911000037000982450322001352600029004575060030004865160020005166530039005368300028005758560041006039420007006449990019006519520074006705800PGUSA20140828083124.0040501s2004||||xxu|||||s|||||000 | eng d aPGUSAbeng adc 4aPS1 aLaughead, William B.,d1882-195814aThe Marvelous Exploits of Paul Bunyan :bAs Told in the Camps of the White Pine Lumbermen for Generations During Which Time the Loggers Have Pioneered the Way Through the North Woods From Maine to California. Collected from Various Sources and Embellished for Publicationh[electronic resource] /cWilliam B. Laughead bProject Gutenberg,c2004 aPublic domain in the USA. aElectronic text aBunyan, Paul (Legendary character) 0aProject Gutenbergv580040uhttp://www.gutenberg.org/ebooks/5800 cEB c235128d235128 001040aGTBbGTBd2014-08-28l0r2014-08-28 00:00:00w2014-08-28yEB